Statistiques concernant Citez tout les pays du Maghreb

Cliquez ici pour prendre le quiz!

Statistiques générales

  • Ce quiz a été pris 171 fois
  • Le résultat moyen est 5 sur 5

Statistiques - réponses

Réponse% Correct
Algérie
100%
Maroc
100%
Tunisie
99%
Libye
89%
Mauritanie
76%

Distribution des résultats

Percentile par nombre de réponses

% des personnes avec chaque résultat

Votre développement - résultats

Vous n’avez pas pris ce quiz